[Event "GBR-ch 111th"]
[Site "Liverpool"]
[Date "2025.08.08"]
[Round "7.43"]
[White "Carpenter, Paul A"]
[Black "Korsinskij, Marek"]
[Result "0-1"]
[WhiteElo "1922"]
[BlackElo "1727"]
[PlyCount "120"]
[EventDate "2025.08.02"]
[EventType "swiss"]
[EventRounds "9"]
[EventCountry "GBR"]
[SourceTitle "BritBase"]
[Source "John Saunders"]
[SourceDate "2025.08.11"]
[SourceVersion "1"]
[SourceVersionDate "2025.08.11"]
[SourceQuality "1"]

1. d4 Nf6 2. e3 g6 3. Bd3 d5 4. Nd2 Bg7 5. f4 b6 6. Ngf3 c5 7. c3 O-O 8. O-O Ba6 9. Qe2 Qc8 10. Ne5 Bxd3 11. Qxd3 Qf5 12. Qb5 Qe6 13. Qe2 Nc6 14. f5 Qd6 15. Nxc6 Qxc6 16. g4 Nd7 17. Rf3 e6 18. Qf2 exf5 19. gxf5 Rae8 20. Nf1 Nf6 21. Qg2 Re7 22. Bd2 Rfe8 23. Be1 Re4 24. Bg3 Nh5 25. Bf2 Qb5 26. b3 Qe2 27. Be1 Qxg2+ 28. Kxg2 cxd4 29. cxd4 Bxd4 30. Rd1 Bxe3 31. Nxe3 Rxe3 32. Rxe3 Rxe3 33. Kf2 Re5 34. fxg6 fxg6 35. Rc1 Re7 36. Rc8+ Kf7 37. Bb4 Rd7 38. Ke3 d4+ 39. Ke4 Nf6+ 40. Kd3 Nd5 41. Bd2 Ne7 42. Ra8 Nf5 43. Bf4 Ke6 44. b4 Kd5 45. Re8 Ne7 46. a3 Nc6 47. h4 Rf7 48. Bc1 Ne5+ 49. Ke2 d3+ 50. Kd2 Rf2+ 51. Ke3 Re2+ 52. Kf4 g5+ 53. Kf5 gxh4 54. Bf4 Nc6 55. Rh8 d2 56. Bxd2 Rxd2 57. Rxh7 Nd4+ 58. Kg4 Rg2+ 59. Kh3 Rg3+ 60. Kxh4 Nf5+ 0-1

[Event "GBR-ch 111th"]
[Site "Liverpool"]
[Date "2025.08.08"]
[Round "7.44"]
[White "Vaidyanathan, Adithya"]
[Black "Ashbrooke, Monika"]
[Result "1-0"]
[WhiteElo "2115"]
[BlackElo "1591"]
[PlyCount "47"]
[EventDate "2025.08.02"]
[EventType "swiss"]
[EventRounds "9"]
[EventCountry "GBR"]
[SourceTitle "BritBase"]
[Source "John Saunders"]
[SourceDate "2025.08.11"]
[SourceVersion "1"]
[SourceVersionDate "2025.08.11"]
[SourceQuality "1"]

1. d4 e6 2. c4 f5 3. Nc3 Bb4 4. Qb3 Bxc3+ 5. Qxc3 b6 6. Nf3 h6 7. h4 Nf6 8. g3 Bb7 9. Bg2 d6 10. O-O Nbd7 11. b3 Ne4 12. Qc2 Qf6 13. Bb2 O-O 14. Rac1 Qg6 15. e3 Rac8 16. b4 c5 17. Qa4 Nxg3 18. fxg3 Qxg3 19. Qxd7 Bxf3 20. Qxe6+ Kh8 21. Rxf3 Qxh4 22. Rh3 Qg5 23. dxc5 Kh7 24. Qxd6 1-0

[Event "GBR-ch 111th"]
[Site "Liverpool"]
[Date "2025.08.08"]
[Round "7.45"]
[White "Zhou, Yang-Fan"]
[Black "Boswell, Jacob Connor"]
[Result "1-0"]
[WhiteElo "2406"]
[BlackElo "2278"]
[PlyCount "87"]
[EventDate "2025.08.02"]
[EventType "swiss"]
[EventRounds "9"]
[EventCountry "GBR"]
[SourceTitle "BritBase"]
[Source "John Saunders"]
[SourceDate "2025.08.11"]
[SourceVersion "1"]
[SourceVersionDate "2025.08.11"]
[SourceQuality "1"]

1. e4 c5 2. Nf3 d6 3. d4 cxd4 4. Nxd4 Nf6 5. Nc3 Nc6 6. Bg5 e6 7. Qd2 a6 8. O-O-O Bd7 9. Kb1 Be7 10. Nxc6 Bxc6 11. f3 b5 12. h4 h6 13. Be3 d5 14. e5 Nd7 15. f4 Nb6 16. Qf2 Nc4 17. Bxc4 bxc4 18. f5 Rb8 19. Bd4 Ba3 20. Be3 Be7 21. Bd4 Ba3 22. Ne2 Qe7 23. Ka1 Bb4 24. Qg3 Rg8 25. Nf4 Kd8 26. Rhf1 Be8 27. Nh5 g6 28. Nf6 Rf8 29. c3 Bc5 30. Nxe8 Bxd4 31. Nd6 Bc5 32. fxg6 fxg6 33. Qxg6 Bxd6 34. exd6 Qxd6 35. Rxf8+ Qxf8 36. Qxe6 Rb5 37. Rxd5+ Rxd5 38. Qxd5+ Kc7 39. Qxc4+ Kd8 40. Qxa6 Qf2 41. a4 Qxh4 42. Qd6+ Ke8 43. Qc6+ Kf7 44. a5 1-0

[Event "GBR-ch 111th"]
[Site "Liverpool"]
[Date "2025.08.09"]
[Round "8.1"]
[White "Maroroa Jones, Gawain"]
[Black "Adams, Michael"]
[Result "1/2-1/2"]
[WhiteElo "2651"]
[BlackElo "2663"]
[PlyCount "65"]
[EventDate "2025.08.02"]
[EventType "swiss"]
[EventRounds "9"]
[EventCountry "GBR"]
[SourceTitle "BritBase"]
[Source "John Saunders"]
[SourceDate "2025.08.11"]
[SourceVersion "1"]
[SourceVersionDate "2025.08.11"]
[SourceQuality "1"]

1. Nf3 d5 2. b3 Bg4 3. e3 Nd7 4. Bb2 e6 5. d3 Ngf6 6. Nbd2 c6 7. Be2 h6 8. Nh4 Bxe2 9. Qxe2 Bd6 10. O-O O-O 11. f4 Ne8 12. g3 Be7 13. Kh1 Bf6 14. Bxf6 Qxf6 15. c4 Nc7 16. e4 dxe4 17. Nxe4 Qd4 18. Nf3 Qb6 19. d4 c5 20. Ne5 Rad8 21. Nxd7 Rxd7 22. dxc5 Qc6 23. Qg2 Na6 24. f5 Nxc5 25. Nxc5 Qxc5 26. fxe6 fxe6 27. Rxf8+ Qxf8 28. Qe2 Qe7 29. Re1 b6 30. a4 Rd6 31. Qe5 Qd7 32. Kg2 Rd3 33. Qxe6+ 1/2-1/2

[Event "GBR-ch 111th"]
[Site "Liverpool"]
[Date "2025.08.09"]
[Round "8.2"]
[White "Conquest, Stuart C"]
[Black "Royal, Shreyas"]
[Result "1-0"]
[WhiteElo "2511"]
[BlackElo "2495"]
[PlyCount "55"]
[EventDate "2025.08.02"]
[EventType "swiss"]
[EventRounds "9"]
[EventCountry "GBR"]
[SourceTitle "BritBase"]
[Source "John Saunders"]
[SourceDate "2025.08.11"]
[SourceVersion "1"]
[SourceVersionDate "2025.08.11"]
[SourceQuality "1"]

1. b3 Nf6 2. Bb2 c5 3. e3 d5 4. Nf3 e6 5. d4 Nc6 6. Nbd2 Bd6 7. Bd3 O-O 8. O-O b6 9. a3 Bb7 10. Ne5 Rc8 11. f4 Ne7 12. Qf3 b5 13. dxc5 Bxc5 14. b4 Bb6 15. Nb3 Ne4 16. Nd4 Nf5 17. Rad1 Qe7 18. Kh1 a6 19. Qh3 Nfd6 20. f5 f6 21. Ng6 hxg6 22. fxg6 Ng5 23. Qh5 Rfd8 24. Nf3 Ngf7 25. gxf7+ Nxf7 26. Qh7+ Kf8 27. Nh4 Ke8 28. Ng6 1-0

[Event "GBR-ch 111th"]
[Site "Liverpool"]
[Date "2025.08.09"]
[Round "8.3"]
[White "Mahadevan, Siva"]
[Black "Vitiugov, Nikita"]
[Result "0-1"]
[WhiteElo "2416"]
[BlackElo "2676"]
[PlyCount "94"]
[EventDate "2025.08.02"]
[EventType "swiss"]
[EventRounds "9"]
[EventCountry "GBR"]
[SourceTitle "BritBase"]
[Source "John Saunders"]
[SourceDate "2025.08.11"]
[SourceVersion "1"]
[SourceVersionDate "2025.08.11"]
[SourceQuality "1"]

1. e4 e5 2. Nf3 Nc6 3. Bb5 a6 4. Ba4 Nf6 5. O-O Be7 6. Re1 b5 7. Bb3 d6 8. c3 O-O 9. h3 Nb8 10. d4 Nbd7 11. Nbd2 c5 12. Nf1 Re8 13. Ng3 Bf8 14. a4 Bb7 15. d5 c4 16. Bc2 g6 17. Bg5 Be7 18. Qd2 Nc5 19. Ra3 Nfd7 20. Be3 Bf8 21. Rea1 Qc7 22. Qc1 Rab8 23. Nd2 Bc8 24. axb5 axb5 25. Ra5 Nf6 26. R1a3 Bd7 27. Qa1 h5 28. Ne2 Qc8 29. Kh2 Be7 30. Nc1 Nh7 31. Ra7 Bg5 32. Bxg5 Nxg5 33. h4 Nh7 34. b4 cxb3 35. Ncxb3 Na4 36. c4 bxc4 37. Na5 Nb6 38. Rf3 Ra8 39. Rxa8 Qxa8 40. Qa3 Bg4 41. Rc3 Qd8 42. Ndxc4 Nxc4 43. Nxc4 Qxh4+ 44. Kg1 Qg5 45. Nxd6 Rd8 46. Rc7 Rxd6 47. Qxd6 Bf3 0-1

[Event "GBR-ch 111th"]
[Site "Liverpool"]
[Date "2025.08.09"]
[Round "8.4"]
[White "Roberson, Peter T"]
[Black "Ghasi, Ameet K"]
[Result "1-0"]
[WhiteElo "2440"]
[BlackElo "2501"]
[PlyCount "115"]
[EventDate "2025.08.02"]
[EventType "swiss"]
[EventRounds "9"]
[EventCountry "GBR"]
[SourceTitle "BritBase"]
[Source "John Saunders"]
[SourceDate "2025.08.11"]
[SourceVersion "1"]
[SourceVersionDate "2025.08.11"]
[SourceQuality "1"]

1. d4 Nf6 2. Nf3 g6 3. c4 Bg7 4. Nc3 d6 5. e4 O-O 6. Be2 e5 7. d5 a5 8. h3 Na6 9. Bg5 Qe8 10. g4 Nd7 11. a3 Nb6 12. b3 Bd7 13. Rc1 Rc8 14. Rg1 c6 15. Nd2 Na8 16. h4 N8c7 17. h5 c5 18. Nb5 Nxb5 19. cxb5 Bxb5 20. Bxb5 Qxb5 21. Nc4 Qd7 22. h6 Bh8 23. Nb6 Qb5 24. Nxc8 Rxc8 25. Qf3 Qe8 26. Bf6 Bxf6 27. Qxf6 Qf8 28. g5 Nb8 29. Qf3 Nd7 30. Qh3 Qe7 31. b4 axb4 32. axb4 Ra8 33. Rg3 Rf8 34. Qg4 Qd8 35. bxc5 Nxc5 36. Kf1 f5 37. gxf6 Qxf6 38. Rc2 b5 39. Kg2 b4 40. Rf3 Qxf3+ 41. Qxf3 Rxf3 42. Kxf3 b3 43. Rc4 Kf7 44. Rb4 Ke7 45. Ke3 g5 46. f3 Kf7 47. Rb6 Ke7 48. Ke2 g4 49. fxg4 Nxe4 50. Rxb3 Kf7 51. Rb6 Ke7 52. Rb7+ Kf6 53. Rxh7 Nc3+ 54. Kf3 Nxd5 55. Rg7 Nf4 56. g5+ Kf5 57. h7 e4+ 58. Kf2 1-0

[Event "GBR-ch 111th"]
[Site "Liverpool"]
[Date "2025.08.09"]
[Round "8.5"]
[White "Fernandez, Daniel H"]
[Black "Pert, Richard G"]
[Result "0-1"]
[WhiteElo "2500"]
[BlackElo "2409"]
[PlyCount "130"]
[EventDate "2025.08.02"]
[EventType "swiss"]
[EventRounds "9"]
[EventCountry "GBR"]
[SourceTitle "BritBase"]
[Source "John Saunders"]
[SourceDate "2025.08.11"]
[SourceVersion "1"]
[SourceVersionDate "2025.08.11"]
[SourceQuality "1"]

1. e4 c5 2. Nf3 d6 3. Nc3 Nf6 4. e5 dxe5 5. Nxe5 a6 6. Be2 g6 7. O-O Bg7 8. d3 O-O 9. Bf4 Nfd7 10. Nc4 b5 11. Bf3 Ra7 12. Nd2 Bb7 13. Re1 Nc6 14. Nb3 Nd4 15. Bxb7 Rxb7 16. Bg5 Ne6 17. Bh4 c4 18. Nc1 Ndc5 19. Rb1 Rd7 20. Ne4 cxd3 21. Nxc5 Nxc5 22. cxd3 Re8 23. Re3 Rd4 24. Bg3 Rd5 25. b4 Na4 26. Rb3 e6 27. Ne2 Qb6 28. Rb1 Rc8 29. Rc1 Rc6 30. h4 Nb2 31. Rxc6 Qxc6 32. Qb3 Na4 33. Kh2 Rd8 34. Bf4 Nc3 35. Ng3 Nd5 36. Rf3 Nxf4 37. Rxf4 Qc3 38. Qd1 Rxd3 39. Qe2 Rd4 40. Re4 Qxb4 41. h5 Rxe4 42. Nxe4 Qb2 43. Qd3 Qd4 44. Qf3 Qe5+ 45. Ng3 Qd5 46. Qa3 Be5 47. hxg6 hxg6 48. Qxa6 Kg7 49. Qa5 Qd3 50. a4 Bxg3+ 51. fxg3 bxa4 52. Qxa4 e5 53. Qe8 Qd4 54. Qe7 Qe4 55. g4 Qf4+ 56. g3 Qf2+ 57. Kh3 Qf6 58. Qb7 Qf1+ 59. Kh2 Qe2+ 60. Kh3 e4 61. g5 e3 62. Qd5 Qf1+ 63. Kh2 e2 64. Qd4+ Kh7 65. g4 e1=R 0-1

[Event "GBR-ch 111th"]
[Site "Liverpool"]
[Date "2025.08.09"]
[Round "8.6"]
[White "Banerjee, Supratit"]
[Black "Harvey, Marcus R"]
[Result "1/2-1/2"]
[WhiteElo "2242"]
[BlackElo "2439"]
[PlyCount "290"]
[EventDate "2025.08.02"]
[EventType "swiss"]
[EventRounds "9"]
[EventCountry "GBR"]
[SourceTitle "BritBase"]
[Source "John Saunders"]
[SourceDate "2025.08.11"]
[SourceVersion "1"]
[SourceVersionDate "2025.08.11"]
[SourceQuality "1"]

1. e4 c5 2. Nf3 g6 3. d4 cxd4 4. Nxd4 Nc6 5. c4 Bg7 6. Be3 Qb6 7. Nb3 Qc7 8. Qd2 Nf6 9. Nc3 d6 10. f3 O-O 11. Rc1 a5 12. Be2 a4 13. Nd4 Nxd4 14. Bxd4 Qa5 15. Be3 Nd7 16. O-O Nc5 17. Rfd1 Be6 18. Bd4 Rfc8 19. Bxg7 Kxg7 20. Qd4+ Kg8 21. h4 Nd7 22. Nd5 Bxd5 23. cxd5 Rc5 24. Rxc5 Qxc5 25. Qxc5 Nxc5 26. Kf2 h6 27. Ke3 g5 28. hxg5 hxg5 29. Rd4 Kg7 30. a3 Rh8 31. Bd1 Rh1 32. Bxa4 Rb1 33. Bc2 Rxb2 34. Rc4 Ra2 35. Rc3 Ra1 36. g3 Rg1 37. Kf2 Rc1 38. Ke2 Rh1 39. f4 Rh3 40. fxg5 Rh5 41. g4 Rxg5 42. Rg3 Kf8 43. Ke3 Rg8 44. g5 Rh8 45. g6 Rh2 46. Bd1 fxg6 47. Rxg6 Rh3+ 48. Bf3 Nd7 49. Rg5 Ne5 50. Rf5+ Ke8 51. a4 Rh2 52. Be2 Kd7 53. Rf8 Kc7 54. Re8 Rh7 55. a5 Rg7 56. a6 bxa6 57. Bxa6 Kb6 58. Bc8 Rg3+ 59. Kf2 Rg7 60. Bf5 Kc5 61. Ke3 Nc4+ 62. Kd3 Ne5+ 63. Ke3 Kb4 64. Rc8 Rg3+ 65. Kf4 Rg1 66. Rc7 Rg7 67. Ke3 Kb3 68. Rc8 Kb4 69. Be6 Rg1 70. Rc7 Nc4+ 71. Kf4 Rg7 72. Rc8 Kc3 73. Rg8 Rh7 74. Bf5 Rf7 75. Rg1 Kd2 76. Rg2+ Kd3 77. Rg1 Ne5 78. Rg3+ Kd4 79. Rg1 Nd3+ 80. Kf3 Nc5 81. Kf4 Rf8 82. Rd1+ Nd3+ 83. Kf3 Kc4 84. Ke3 Rg8 85. Kf3 Kc3 86. Rh1 Rg7 87. Rh7 Rxh7 88. Bxh7 Kd4 89. Bf5 Ke5 90. Ke3 Nf4 91. Bg4 Ng2+ 92. Kf3 Ne1+ 93. Ke2 Nc2 94. Kd3 Nb4+ 95. Ke3 Na2 96. Bh5 Nc3 97. Bf3 Na2 98. Bg4 Nb4 99. Bd1 Na6 100. Be2 Nc5 101. Bf3 Nd7 102. Bg4 Nf6 103. Bf3 Nh7 104. Bg4 Ng5 105. Bf5 Kf6 106. Kf4 Nf7 107. Be6 Ne5 108. Bf5 Nd3+ 109. Ke3 Ne1 110. Bh3 Kg5 111. Bc8 Ng2+ 112. Kf3 Nh4+ 113. Kg3 Ng6 114. Kf3 Ne5+ 115. Ke3 Nc4+ 116. Kf3 Na3 117. Bd7 Nb1 118. Ke3 Na3 119. Bc8 Nc4+ 120. Kf3 Nb6 121. Be6 Na4 122. Ke3 Nc5 123. Bc8 Kf6 124. Kd4 Nb3+ 125. Kc3 Nc1 126. Kd4 Ne2+ 127. Ke3 Ng3 128. Kf4 Nf1 129. Bh3 Nd2 130. Ke3 Nc4+ 131. Kf4 Ne5 132. Bf5 Nd3+ 133. Ke3 Ne1 134. Bh3 Ke5 135. Ke2 Nc2 136. Kd3 Nd4 137. Ke3 Nb3 138. Bg4 Nc5 139. Bf3 e6 140. dxe6 Nxe6 141. Bg4 Ng5 142. Bf5 d5 143. exd5 Kxf5 144. d6 Ke6 145. d7 Kxd7 1/2-1/2

[Event "GBR-ch 111th"]
[Site "Liverpool"]
[Date "2025.08.09"]
[Round "8.7"]
[White "Czopor, Maciej"]
[Black "Han, Yichen"]
[Result "1-0"]
[WhiteElo "2434"]
[BlackElo "2430"]
[PlyCount "57"]
[EventDate "2025.08.02"]
[EventType "swiss"]
[EventRounds "9"]
[EventCountry "GBR"]
[SourceTitle "BritBase"]
[Source "John Saunders"]
[SourceDate "2025.08.11"]
[SourceVersion "1"]
[SourceVersionDate "2025.08.11"]
[SourceQuality "1"]

1. e4 e5 2. Nf3 Nf6 3. d4 Nxe4 4. Bd3 Nc6 5. Nxe5 Nxe5 6. dxe5 Nc5 7. Bc4 d6 8. Qf3 Ne6 9. Nc3 dxe5 10. Be3 Bb4 11. Rd1 Bd6 12. Bb5+ Ke7 13. O-O a6 14. Bc4 Bd7 15. Qxb7 Rb8 16. Qxa6 Ra8 17. Qb7 Rb8 18. Qf3 Qe8 19. b3 Kf8 20. Ne4 Be7 21. Rd5 Kg8 22. Rxe5 h6 23. a4 Kh7 24. Rd1 Rf8 25. h3 Bc6 26. Qf5+ Kh8 27. Nf6 g6 28. Qxe6 fxe6 29. Nxe8 1-0

[Event "GBR-ch 111th"]
[Site "Liverpool"]
[Date "2025.08.09"]
[Round "8.8"]
[White "Wadsworth, Matthew J"]
[Black "Waldhausen Gordon, Frederick"]
[Result "1-0"]
[WhiteElo "2483"]
[BlackElo "2393"]
[PlyCount "139"]
[EventDate "2025.08.02"]
[EventType "swiss"]
[EventRounds "9"]
[EventCountry "GBR"]
[SourceTitle "BritBase"]
[Source "John Saunders"]
[SourceDate "2025.08.11"]
[SourceVersion "1"]
[SourceVersionDate "2025.08.11"]
[SourceQuality "1"]

1. d4 Nf6 2. c4 e6 3. Nf3 b6 4. g3 c6 5. Bg2 d5 6. Nc3 Be7 7. O-O O-O 8. Ne5 a5 9. e4 dxc4 10. Nxc4 Ba6 11. b3 b5 12. Ne3 b4 13. Ne2 Bxe2 14. Qxe2 Qxd4 15. Bb2 Qb6 16. Rfd1 Nbd7 17. Rac1 Rac8 18. h4 Rfd8 19. e5 Nd5 20. Ng4 h5 21. Nh2 g6 22. Be4 Nc5 23. Bb1 Nc3 24. Bxc3 bxc3 25. Rxc3 Rxd1+ 26. Qxd1 Rd8 27. Qc1 Qb4 28. Rc4 Qd2 29. Qxd2 Rxd2 30. Bc2 Kf8 31. Nf3 Rd8 32. Nd4 Rc8 33. a3 Rc7 34. Bxg6 fxg6 35. b4 axb4 36. axb4 Ke8 37. bxc5 Kd7 38. Ne2 Ke8 39. Nc3 Ra7 40. Ne4 Ra5 41. Kg2 Bf8 42. f4 Be7 43. Rc3 Kd7 44. Kf3 Kc7 45. Nd6 Kd7 46. Ke3 Kc7 47. Kd3 Kd7 48. Kd4 Ra4+ 49. Nc4 Kc7 50. Ra3 Rxa3 51. Nxa3 Bd8 52. Nc4 Kd7 53. Ke3 Ke7 54. Kd4 Kd7 55. Nb6+ Kc7 56. Kc4 Be7 57. Kb4 Bd8 58. Nc4 Kd7 59. Nd6 Bc7 60. Ka4 Kd8 61. Nc4 Ke8 62. Nb6 Bd8 63. Ka5 Be7 64. Na4 Kd7 65. Kb6 Bd8+ 66. Kb7 Ba5 67. Nb6+ Ke7 68. Kxc6 Bb4 69. Nc8+ Kd8 70. Nd6 1-0

[Event "GBR-ch 111th"]
[Site "Liverpool"]
[Date "2025.08.09"]
[Round "8.9"]
[White "Bazakutsa, Svyatoslav"]
[Black "Mirzoeva, Elmira"]
[Result "1-0"]
[WhiteElo "2481"]
[BlackElo "2282"]
[PlyCount "143"]
[EventDate "2025.08.02"]
[EventType "swiss"]
[EventRounds "9"]
[EventCountry "GBR"]
[SourceTitle "BritBase"]
[Source "John Saunders"]
[SourceDate "2025.08.11"]
[SourceVersion "1"]
[SourceVersionDate "2025.08.11"]
[SourceQuality "1"]

1. c4 c6 2. d4 d5 3. cxd5 cxd5 4. Nc3 Nf6 5. Bf4 Nc6 6. e3 a6 7. Bd3 Bg4 8. Nge2 e6 9. O-O Be7 10. Rc1 O-O 11. Na4 Rc8 12. a3 Na5 13. Nc5 Nc4 14. Bxc4 dxc4 15. f3 Bh5 16. b4 b5 17. Nxa6 Nd5 18. Qd2 Ra8 19. Nc5 Rxa3 20. Ra1 Ra8 21. Kh1 Qc8 22. e4 Nxf4 23. Qxf4 Qc6 24. Qe5 Bg6 25. d5 Qd6 26. Qxd6 Bxd6 27. dxe6 Bxc5 28. bxc5 fxe6 29. Rab1 Rac8 30. Nd4 e5 31. Nxb5 Rxc5 32. Nc3 Rd8 33. Kg1 h6 34. Rfd1 Rd4 35. Kf2 Ra5 36. Rb2 Ra3 37. Rc1 Rd3 38. Nd5 Bf7 39. Ne7+ Kh7 40. Nc6 c3 41. Rbc2 Ra2 42. Rxa2 Bxa2 43. g4 Rd2+ 44. Ke3 Rxh2 45. Rxc3 h5 46. Nxe5 hxg4 47. Nxg4 Rh1 48. Rc6 Kg8 49. Kf4 Rf1 50. Ne3 Rg1 51. Nf5 Bb3 52. Ke5 Ba2 53. Rb6 Rg2 54. f4 Kf7 55. Ra6 Bb3 56. Rb6 Ba2 57. Nh4 Rc2 58. f5 Rc5+ 59. Kf4 Rc4 60. Ng6 Ra4 61. Rb8 Kf6 62. Rf8+ Bf7 63. Ne5 Ra7 64. Rxf7+ Rxf7 65. Nxf7 Kxf7 66. Kg5 Ke7 67. Kg6 Kf8 68. e5 Kg8 69. e6 Kf8 70. Kh7 Ke8 71. Kxg7 Ke7 72. f6+ 1-0

[Event "GBR-ch 111th"]
[Site "Liverpool"]
[Date "2025.08.09"]
[Round "8.10"]
[White "Dickenson, Neil F"]
[Black "Gordon, Stephen J"]
[Result "0-1"]
[WhiteElo "2247"]
[BlackElo "2469"]
[PlyCount "70"]
[EventDate "2025.08.02"]
[EventType "swiss"]
[EventRounds "9"]
[EventCountry "GBR"]
[SourceTitle "BritBase"]
[Source "John Saunders"]
[SourceDate "2025.08.11"]
[SourceVersion "1"]
[SourceVersionDate "2025.08.11"]
[SourceQuality "1"]

1. d4 Nf6 2. Nf3 e6 3. Bg5 h6 4. Bh4 d6 5. c4 g5 6. Bg3 Nh5 7. e3 Bg7 8. Bd3 Nd7 9. Nc3 a6 10. O-O O-O 11. Bc2 f5 12. d5 e5 13. Nd2 Qe8 14. f3 Ndf6 15. Bf2 Kh8 16. Qb1 e4 17. fxe4 Ng4 18. exf5 Nxf2 19. Rxf2 Qxe3 20. Nb3 Bd7 21. Qe1 Rae8 22. Ne4 Qxe1+ 23. Rxe1 Rxf5 24. Rb1 Rfe5 25. Rf7 R5e7 26. Rbf1 Nf4 27. Rxe7 Rxe7 28. g3 Ne2+ 29. Kg2 Bxb2 30. Bd3 Bg7 31. Nf6 Nf4+ 32. gxf4 Bxf6 33. fxg5 Bxg5 34. Nd4 Re3 35. Bg6 Bh3+ 0-1

[Event "GBR-ch 111th"]
[Site "Liverpool"]
[Date "2025.08.09"]
[Round "8.11"]
[White "Willow, Jonah B"]
[Black "Vijayakumar, Rishi"]
[Result "1-0"]
[WhiteElo "2459"]
[BlackElo "2310"]
[PlyCount "97"]
[EventDate "2025.08.02"]
[EventType "swiss"]
[EventRounds "9"]
[EventCountry "GBR"]
[SourceTitle "BritBase"]
[Source "John Saunders"]
[SourceDate "2025.08.11"]
[SourceVersion "1"]
[SourceVersionDate "2025.08.11"]
[SourceQuality "1"]

1. c4 Nf6 2. Nc3 c5 3. g3 d5 4. cxd5 Nxd5 5. Bg2 Nc7 6. f4 e6 7. b3 Be7 8. Bb2 O-O 9. Qc2 Nc6 10. Bxc6 bxc6 11. Nf3 Nb5 12. e3 Ba6 13. Kf2 Nxc3 14. Qxc3 Bf6 15. Qc2 Bd3 16. Bxf6 Qd5 17. Qc3 gxf6 18. Rhd1 Be4 19. Nh4 Rfd8 20. Rac1 Qh5 21. d3 Rd5 22. Qxf6 Rxd3 23. Rxd3 Bxd3 24. Nf3 Be4 25. Qg5+ Qxg5 26. Nxg5 Bg6 27. Rxc5 Rd8 28. Nf3 Rd1 29. Rxc6 Rb1 30. Ra6 Bh5 31. Ne5 Rb2+ 32. Ke1 f6 33. g4 fxe5 34. gxh5 exf4 35. exf4 Kf7 36. Rxa7+ Kf6 37. h3 Kf5 38. Rxh7 Rxa2 39. Rf7+ Ke4 40. h6 Rh2 41. h7 Rxh3 42. b4 Rh2 43. b5 Ke3 44. Kd1 Kd3 45. Rd7+ Ke3 46. b6 Rh1+ 47. Kc2 Kxf4 48. b7 e5 49. b8=Q 1-0

[Event "GBR-ch 111th"]
[Site "Liverpool"]
[Date "2025.08.09"]
[Round "8.12"]
[White "Makkar, Rajat"]
[Black "Flear, Glenn C"]
[Result "1/2-1/2"]
[WhiteElo "2406"]
[BlackElo "2358"]
[PlyCount "141"]
[EventDate "2025.08.02"]
[EventType "swiss"]
[EventRounds "9"]
[EventCountry "GBR"]
[SourceTitle "BritBase"]
[Source "John Saunders"]
[SourceDate "2025.08.11"]
[SourceVersion "1"]
[SourceVersionDate "2025.08.11"]
[SourceQuality "1"]

1. c4 e6 2. Nf3 d5 3. e3 Nf6 4. Nc3 b6 5. b3 Bb7 6. Bb2 Nbd7 7. Rc1 a6 8. cxd5 exd5 9. Ne2 c5 10. Ng3 g6 11. d4 h5 12. Ne5 h4 13. Ne2 cxd4 14. Qxd4 Bc5 15. Qf4 Rh5 16. g4 Nxe5 17. Bxe5 Nxg4 18. Bc7 Qe7 19. Qxg4 Qxc7 20. b4 Bc8 21. Qf4 Qxf4 22. Nxf4 Bxb4+ 23. Ke2 Rg5 24. Nd3 Be7 25. f4 Rh5 26. Bg2 Bg4+ 27. Kf2 h3 28. Bf3 Bxf3 29. Kxf3 Rd8 30. Rc6 d4 31. Re1 dxe3 32. Rxe3 Rhd5 33. Nb4 R5d6 34. Rc7 R6d7 35. Nxa6 Kf8 36. Kg3 Rxc7 37. Nxc7 Rd2 38. a3 Bc5 39. Rb3 Bd6 40. Nb5 Bc5 41. Kxh3 Bg1 42. Kg4 Bxh2 43. f5 Kg7 44. fxg6 Kxg6 45. Na7 f5+ 46. Kf3 Bg1 47. Nc8 Kg5 48. Rb5 Rd8 49. Kg2 Bd4 50. Ne7 Bc5 51. Nc6 Rd2+ 52. Kf1 Ra2 53. Ne5 Kf4 54. Nc4 Rc2 55. Nxb6 Kf3 56. Ke1 Rc1+ 57. Kd2 Be3+ 58. Kd3 f4 59. Nd5 Rd1+ 60. Kc2 Rd2+ 61. Kc3 Ke2 62. Nxf4+ Bxf4 63. a4 Rd6 64. a5 Be3 65. Re5 Rc6+ 66. Kb4 Kd3 67. Kb5 Rc1 68. Rxe3+ Kxe3 69. a6 Ra1 70. Kb6 Rxa6+ 71. Kxa6 1/2-1/2

[Event "GBR-ch 111th"]
[Site "Liverpool"]
[Date "2025.08.09"]
[Round "8.13"]
[White "Adams, Henry"]
[Black "Kanyamarala, Tarun"]
[Result "1/2-1/2"]
[WhiteElo "2114"]
[BlackElo "2397"]
[PlyCount "73"]
[EventDate "2025.08.02"]
[EventType "swiss"]
[EventRounds "9"]
[EventCountry "GBR"]
[SourceTitle "BritBase"]
[Source "John Saunders"]
[SourceDate "2025.08.11"]
[SourceVersion "1"]
[SourceVersionDate "2025.08.11"]
[SourceQuality "1"]

1. d4 d5 2. c4 e6 3. g3 dxc4 4. Bg2 a6 5. Nf3 Nc6 6. O-O Rb8 7. e4 Be7 8. d5 exd5 9. exd5 Nb4 10. Ne5 Nf6 11. Nc3 Bf5 12. a3 Nd3 13. Nxc4 O-O 14. Ne3 Bg6 15. Bh3 Bd6 16. Nf5 Nxc1 17. Rxc1 Be5 18. Re1 Bxf5 19. Bxf5 Bxc3 20. Rxc3 Qxd5 21. Qc2 c6 22. Rce3 Rbd8 23. Re7 g6 24. Be4 Qa5 25. b4 Qb6 26. Bf3 Qb5 27. h4 Rde8 28. Qc3 Qf5 29. R1e5 Qc8 30. h5 Rxe7 31. Rxe7 Nd5 32. Bxd5 cxd5 33. Qxc8 Rxc8 34. hxg6 hxg6 35. Rxb7 Rc1+ 36. Kg2 Ra1 37. Rd7 1/2-1/2

[Event "GBR-ch 111th"]
[Site "Liverpool"]
[Date "2025.08.09"]
[Round "8.14"]
[White "Yao, Lan"]
[Black "Clarke, Brandon Gi"]
[Result "1-0"]
[WhiteElo "2316"]
[BlackElo "2491"]
[PlyCount "81"]
[EventDate "2025.08.02"]
[EventType "swiss"]
[EventRounds "9"]
[EventCountry "GBR"]
[SourceTitle "BritBase"]
[Source "John Saunders"]
[SourceDate "2025.08.11"]
[SourceVersion "1"]
[SourceVersionDate "2025.08.11"]
[SourceQuality "1"]

1. e4 c5 2. Nf3 d6 3. d4 cxd4 4. Nxd4 Nf6 5. Nc3 g6 6. Be3 Bg7 7. f3 O-O 8. Qd2 Nc6 9. O-O-O d5 10. exd5 Nxd5 11. Nxc6 bxc6 12. Bd4 e5 13. Bc5 Be6 14. Ne4 Re8 15. Bc4 h6 16. g4 Nf4 17. Qe1 Bd5 18. Bb3 a5 19. c4 Bxe4 20. Rxd8 Raxd8 21. Qxe4 Nd3+ 22. Kb1 Nxc5 23. Qxc6 Nxb3 24. axb3 e4 25. fxe4 Re6 26. Qb7 Rf6 27. Ka2 Rf2 28. Rb1 Rxh2 29. Ka3 Rhd2 30. Ka4 Bf8 31. Rf1 R8d7 32. Qc6 Re7 33. Rf6 Rxb2 34. Qd5 Ra2+ 35. Kb5 Kg7 36. Rb6 a4 37. b4 a3 38. Rb8 Rb2 39. c5 f6 40. Qa8 Rf7 41. Qxa3 1-0

[Event "GBR-ch 111th"]
[Site "Liverpool"]
[Date "2025.08.09"]
[Round "8.15"]
[White "Badacsonyi, Stanley"]
[Black "Williams, Simon K"]
[Result "1/2-1/2"]
[WhiteElo "2309"]
[BlackElo "2444"]
[PlyCount "67"]
[EventDate "2025.08.02"]
[EventType "swiss"]
[EventRounds "9"]
[EventCountry "GBR"]
[SourceTitle "BritBase"]
[Source "John Saunders"]
[SourceDate "2025.08.11"]
[SourceVersion "1"]
[SourceVersionDate "2025.08.11"]
[SourceQuality "1"]

1. d4 Nf6 2. c4 g6 3. Nc3 Bg7 4. e4 d6 5. Be2 O-O 6. Be3 Nbd7 7. Nf3 e5 8. O-O h6 9. h3 c6 10. d5 c5 11. g3 Nh7 12. Qd2 f5 13. exf5 gxf5 14. Bxh6 Qf6 15. Bxg7 Kxg7 16. Kg2 a6 17. h4 e4 18. Ng5 Ne5 19. f3 exf3+ 20. Nxf3 Bd7 21. Rae1 Rae8 22. b3 Kh8 23. Ng5 Qg6 24. Rf2 Rg8 25. Rh1 Re7 26. Qf4 Nf6 27. Qd2 Rge8 28. Nh3 Neg4 29. Nf4 Qg7 30. Bxg4 Nxg4 31. Re2 Ne3+ 32. Kf2 Ng4+ 33. Kg2 Ne3+ 34. Kf2 1/2-1/2